000 00705nam a2200205 i 4500
001 104946
003 ES-MaACL
005 20230906183730.0
007 t|
008 060531s1973 fr ||||1| fre d
080 _a821.133.1-31"18"
100 1 _aMérimée, Prosper (
_d1803-1870)
_980507
245 1 3 _aLes ames du purgatoire ; Carmen /
_cProsper Mérimée ; introduction, chronologie, bibliographie, notes et archives de l'oeuvre par Jean Decottignies.
260 _aParis :
_bGarnier-Flammarion,
_c[1973]
300 _a186 p. ;
_c18 cm.
500 _aBiblioteca Jacinto Martínez Lacalle.
700 1 _aDecottignies, Jean.
_943178
740 0 _aCarmen.
852 _aES-MaACL
_jE-11279
_bR.139245
999 _c104946
_d104946